00669nam a2200169Ia 4500008004100000041000800041082001500049100002100064245006800085260003900153300000800192365001600200700004800216906004100264999001900305952017500324230718s9999 xx 000 0 und d aeng a621.7bCHO aChoudhury S.K.H. aElements Of Workshop TechnologybVol.1: Manufacturing Processes c2008bMedia Promoters & Publishers a650 cRs.b200.00 aChoudhury S.K.H.; Choudhury A.K.H. & Roy N. dB:108090107020-Jan-2009cALLIEDb450 c320148d320148 00104070aCCEPbCCEPd2009-01-30eVarma Book DistributorsfALLIEDg170.00i1080901070l0o621.7pCCEP-BK-31355r2023-07-18 00:00:00t450v200.00w2009-01-20yBKz031355